Statistics for Tram stops in Prague

Click here to take the quiz!

General Stats

  • This quiz has been taken 326 times
  • The average score is 108 of 282

Answer Stats

LinesStop name% Correct
2-12-15-18-20-22-23-41-42-97Malostranská
86%
4-5-7-9-10-12-15-16-20-21-94-98-99Anděl
80%
4-6-10-11-13-16-22-23-91-96-97-99I. P. Pavlova
77%
5-9-15-26-95-98Hlavní nádraží
76%
1-2-8-18-20-25-26-91-96-97Hradčanská
76%
20-26-91Dejvická
73%
2-3-4-6-10-14-16-18-22-23-24-91-92-93-94-95-96-97-99Karlovo náměstí
73%
4-10-13-16-22-91-97-99Náměstí Míru
73%
6-8-15-26-42-91-94-96Náměstí Republiky
73%
2-9-18-22-23-42-93-97-98-99Národní třída
71%
4-5-12-20-94Smíchovské Nádraží
70%
3-5-6-9-14-24-42-91-92-94-95-96-98Václavské náměstí
70%
2-9-17-18-22-23-42-93-97-98-99Národní divadlo
69%
1-3-6-8-10-14-19-24-25-92-94-95Palmovka
69%
3-8-24-92Florenc
67%
1-12-14-25Vltavská
67%
22-25-97Bílá Hora
64%
3-6-14-15-24-26-42-91-92-94-96Masarykovo nádraží
64%
11-13Muzeum
64%
6-12-17-93-94Nádraží Holešovice
64%
2-17-18-93Staroměstská
64%
3-10-17-24-93-95Kobylisy
63%
1-6-8-12-17-25-26-41-91-93-94-96Strossmayerovo náměstí
63%
9-12-15-20-22-23-42-97-98-99Újezd
63%
10-11-13-15-16-91-95Flora
61%
11-13Jiřího z Poděbrad
61%
1-8-12-25-26-41-91-96Sparta
61%
2-3-4-7-10-16-17-21-92-94Palackého náměstí
60%
1-2-96Petřiny
60%
22-23-41-42Pražský hrad
60%
3-8-24-92Invalidovna
59%
3-5-6-9-14-24-42-91-92-94-95-96-98Jindřišská
59%
12-15-20-22-23-42-97Malostranské náměstí
59%
14-19-94Vysočanská
59%
20-26-91Bořislavka
57%
3-5-6-9-14-24-42-91-92-93-94-95-96-97-98-99Lazarská
57%
15-17-41-42-93Čechův most
56%
20-26-91Divoká Šárka
56%
7-14-18-24-93-95Albertov
54%
19Pankrác
54%
4-5-12-20-94Sídliště Barrandov
54%
6-12-17-41-93-94Výstaviště
54%
10-11-16-19-26-91-98Želivského
54%
6-8-15-26-42-91-94-96Dlouhá třída
53%
19-25-92-94Hloubětín
53%
3-8-24-92Křižíkova
53%
10-93Ládví
53%
8-18Nádraží Podbaba
53%
20-26-91Nádraží Veleslavín
53%
1-9-11-98Spojovací
53%
12-15-20-22-23-42-97Hellichova
51%
1-8-12-25-26-41-91-96Letenské náměstí
51%
22-23-25-97Malovanka
51%
9-10-16-98-99Motol
51%
7-21Radlická
51%
4-13-22-97-99Ruská
51%
9-10-16-98-99Sídliště Řepy
51%
2-3-17-21-92Nádraží Braník
50%
22-26-97Nádraží Hostivař
50%
1-2-96Sídliště Petřiny
50%
7-19-26-91-95Strašnická
50%
9-12-15-20-98-99Arbesovo náměstí
49%
3-8-14-24-92Bílá Labuť
49%
2-12-18-20-41-97Chotkovy sady
49%
11-14-18-19-24Náměstí Bratří Synků
49%
4-6-10-16-22-23-91-96-97-99Štěpánská
49%
1-2-25-41-96-97Vozovna Střešovice
49%
22-25-97Vypich
49%
16-95Depo Hostivař
47%
2-17-18-93Karlovy lázně
47%
4-6-7-19-22-95-97-99Koh-i-noor
47%
1-8-12-25-26-41-91-96Korunovační
47%
22-23-41-42Královský letohrádek
47%
10-11-13-15-16-91-98Olšanské hřbitovy
47%
22-23-42Pohořelec
47%
8-18-20-26-91Vítězné náměstí
47%
22-26-97-99Zahradní Město
47%
4-5-12-20-94Lihovar
46%
17-41-42-93Právnická fakulta
46%
18-19-93Pražského povstání
46%
9-12-15-20-98-99Švandovo divadlo
46%
2-3-7-17-21-92Výtoň
46%
4-5-12-20-94Hlubočepy
44%
17-24-95Vozovna Kobylisy
44%
9-10-16-98-99Vozovna Motol
44%
20-26-91Červený Vrch
43%
9-10-16-98-99Hotel Golf
43%
9-10-15-16-98-99Kotlářka
43%
4-13-22-97-99Krymská
43%
19-25-92-94Lehovec
43%
4-5-7-12-20-21-94Na Knížecí
43%
10-93Sídliště Ďáblice
43%
11-14-96Spořilov
43%
5-9-15-26-95-98Viktoria Žižkov
43%
3-5-6-9-14-24-42-91-92-94-95-96-98Vodičkova
43%
18-93Vozovna Pankrác
43%
1-5-9-11-98Vozovna Žižkov
43%
14-18-24-93-95Botanická zahrada
41%
22-23-41-42Brusnice
41%
4-13-22-97-99Čechovo náměstí
41%
4-5-12-20-94Chaplinovo náměstí
41%
11-13Italská
41%
19-94Kolbenova
41%
1-10-19-95Krejcárek
41%
1-6-14-25-94Maniny
41%
5-9-15-26-95-98Olšanské náměstí
41%
20-26-91Sídliště Červený Vrch
41%
8-14-19-25-92-94Balabenka
40%
6-7-19-95Bohemians
40%
3-17-21-92Černý kůň
40%
4-6-7-19-22-95-97-99Kubánské náměstí
40%
6-8-17-26-41-91-93-94-96Nábřeží Kapitána Jaroše
40%
5-9-10-11-19-26-95-98Nákladové nádraží Žižkov
40%
6-12-94Ortenovo náměstí
40%
3-17-21-92Sídliště Modřany
40%
1-2-96Vojenská nemocnice
40%
1-2-96Baterie
39%
1-6-12-14-25-94Dělnická
39%
14-19-94Divadlo Gong
39%
1-6-14-25-94Libeňský most
39%
2-3-4-10-14-16-18-24-92-93-94-95Moráň
39%
8-25-92Nádraží Libeň
39%
22-25-97Obora Hvězda
39%
2-3-17-21-92Podolská vodárna
39%
8-19-94Starý Hloubětín
39%
20-26-91Thákurova
39%
8-18Zelená
39%
7-14-18-24-93-95Divadlo Na Fidlovačce
37%
4-5-12-20-94Geologická
37%
5Holyně
37%
9-10-15-16-98-99Kavalírka
37%
5-9-26-95Olšanská
37%
4-5-12-20-94Poliklinika Barrandov
37%
1-2-25-96-97Prašný most
37%
19-25-92-94Sídliště Hloubětín
37%
17-93Trojská
37%
16-95Ústřední dílny DP
37%
20-26-91Vozovna Vokovice
37%
5-9-10-11-19-95-98Biskupcova
36%
6-11-23-96Bruselská
36%
1-8-12-25-26-41-91-96Kamenická
36%
3-8-24-92Karlínské náměstí
36%
5-9-15-26-95-98Lipanská
36%
6-7-19-95Nádraží Vršovice
36%
14-19-94Nádraží Vysočany
36%
22-26-97-99Nádraží Zahradní Město
36%
6-11-96Nuselské schody
36%
14Těšnov
36%
6-17-41-93-94Veletržní palác
36%
10-16-91Vinohradská vodárna
36%
7-19-26-91-95Vozovna Strašnice
36%
22-25-97Břevnovský klášter
34%
3-10-24-95Bulovka
34%
22-25-97Drinopol
34%
5-17Jiráskovo náměstí
34%
9-10-15-16-98-99Klamovka
34%
9-10-16-98-99Krematorium Motol
34%
8-18Lotyšská
34%
22-25-97Marjánka
34%
3-17-21-92Nádraží Modřany
34%
4-13-22-97-99Vršovické náměstí
34%
4-5-7-10-16-21-94Zborovská
34%
23Zvonařka
34%
9-10-15-16-98-99Bertramka
33%
2-3-17-21-92Dvorce
33%
4-13-22-97-99Jana Masaryka
33%
1-5-9-11-98Ohrada
33%
1-2-96Ořechovka
33%
10-16-91Orionka
33%
3-17-21-92Poliklinika Modřany
33%
22-26-97Sídliště Zahradní Město
33%
9-10-16-98-99Slánská
33%
10-16-91Šumavská
33%
9-10-16-98-99Blatiny
31%
20-26-91Hadovka
31%
23Královka
31%
16-19-26-91Krematorium Strašnice
31%
10-11-19-26-98Mezi Hřbitovy
31%
6-7-19-24-93-95-96Otakarova
31%
4-5-12-20-94Plzeňka
31%
3-17-21-92Belárie
30%
23Hládkov
30%
11-14-96Horky
30%
4-5-12-20-94K Barrandovu
30%
7-21Laurová
30%
3-17-21-92Levského
30%
7-16-95Nové Strašnice
30%
2-3-6-14-18-22-23-24-91-92-93-94-95-96-97-99Novoměstská radnice
30%
7-21Škola Radlice
30%
4-6-7-19-22-95-97-99Slavia - Nádraží Eden
30%
Not in serviceŠpejchar
30%
11-13Vinohradská tržnice
30%
4-5-12-20-94Zlíchov
30%
1-12-14-25Holešovická tržnice
29%
3-10-17-24-93-95Ke Stírce
29%
1-9-11-98Kněžská luka
29%
2-3-17-21-92Kublov
29%
5Myslíkova
29%
5Náměstí Olgy Scheinpflugové
29%
19-94Nový Hloubětín
29%
18-19-93Palouček
29%
7-19-22-95-97-99Průběžná
29%
22-26-91-97-99Radošovická
29%
22-26-91-97-99Staré Strašnice
29%
14Štvanice
29%
3-8-24-92Urxova
29%
7-21Braunova
27%
42Dlabačov
27%
18-19-93Nuselská radnice
27%
11-14-96Pod Jezerkou
27%
1-2-96Sibeliova
27%
11-14-96Teplárna Michle
27%
1-12-14-25Tusarova
27%
19-94Vozovna Hloubětín
27%
11-14-96Chodovská
26%
3-10-24-95Divadlo pod Palmovkou
26%
22-26-97Hostivařská
26%
18-19-93Kotorská
26%
11-14-96Michelská
26%
20-26-91Nad Džbánem
26%
7-16-19-26-91-95Vinice
26%
3-17-24-95Březiněveská
24%
1-9-11-98Chmelnice
24%
20-26-91Na Pískách
24%
18-93Na Veselí
24%
22-26-97Obchodní centrum Hostivař
24%
6-11-96Pod Karlovem
24%
11-13Radhošťská
24%
22-25-97Říčanova
24%
3-10-24-95U Kříže
24%
1-2-96Větrník
24%
16-19-26-91Vinohradské hřbitovy
24%
3-10-24-93Vychovatelna
24%
22-26-97-99Dubečská
23%
22-25-97Malý Břevnov
23%
22-26-97Na Groši
23%
22-26-91-97-99Na Hroudě
23%
25-97Park Maxe van der Stoela
23%
10-16-91Perunova
23%
9-10-16-98-99Poštovka
23%
2-3-17-21-92Přístaviště
23%
7-16-95Solidarita
23%
6-12-94U Průhonu
23%
9-10-15-16-98-99U Zvonu
23%
3-10-24-93Vosmíkových
23%
17-93Hercovka
21%
7-21Křížová
21%
3-10-24-95Libeňský zámek
21%
7-16-95Limuzská
21%
3-17-21-92Modřanská škola
21%
8-25-92Ocelářská
21%
1-9-11-98Strážní
21%
10-93Střelničná
21%
22-25-97U Kaštanu
21%
8-25-92Arena Libeň jih
20%
3-17-21-92Čechova čtvrť
20%
Not in serviceHarfa
20%
9-10-16-98-99Hlušičkova
20%
16-95Malešická továrna
20%
7-14-18-24-93-95Ostrčilovo náměstí
20%
11-14-96Plynárna Michle
20%
2-3-17-21-92Pobřežní cesta
20%
14-19-94Poliklinika Vysočany
20%
7-14-18-24-93-95Svatoplukova
20%
7-16-95Zborov - Strašnické divadlo
20%
3-17-21-92Modřanská rokle
19%
16-95Na Homoli
19%
41Planetárium Praha
19%
10-93Štěpničná
19%
19-24-92-94Kbelská
17%
17-93Nad Trojou
17%
8-25-92U Elektry
17%
17-24-95Líbeznická
16%
8-25-92Nademlejnská
16%
19-94Poštovská
16%
10-93Třebenická
16%
3-17-21-92U Libušského potoka
16%
10-93Kyselova
14%
3-10-24-95Okrouhlická
14%
19-94Špitálská
14%
8-25-92Kabešova
10%
8-25-92Podkovářská
9%

Score Distribution

Percentile by Number Answered

Percent of People with Each Score

Your Score History

You have not taken this quiz